000 01053nam a22002537a 4500
001 BD-DhSAU 7469
003 BD-DhSAU
005 20231122151310.0
008 150422b2006 bg ||||| m||m 00| 0 eng d
040 _aBD-DhSAU
082 _222
_a631.521
_bSo96
100 _aSOYKOT, NASIR UDDIN
_eRegistration No. # 15-06613
245 _aEffect of phosphorus and zinc levels on yield and seed quality of mungbean varieties /
_bMS thesis
260 _aSher-e- Bangla Agricultural University:
_bInstitute of Seed Technology,
_c2022.
300 _aix, 70p.:
_b30 cm.
500 _aMS thesis of Institute of Seed Technology , Faculty of Agribusiness, Sher-e-Bangla Agricultural University, Dhaka, Bangladesh
590 _aNamul
650 _aphosphorus and zinc
651 _aseed quality of mungbean varieties
700 _aProf. Dr. A. K. M. Ruhul Amin
_eSuperviser
700 _aProf. Dr. Tuhin Suvra Roy
_eCo-Superviser
856 _uhttp://archive.saulibrary.edu.bd:8080/xmlui/handle/123456789/5078
942 _2ddc
_cTHESIS
999 _c17332
_d17331